Statistiques concernant Groupes d'animaux incroyables

Cliquez ici pour prendre le quiz!

Statistiques générales

  • Ce quiz a été pris 42 fois
  • Le résultat moyen est 3 sur 10

Statistiques - réponses

HintRéponse% Correct
Une...de cerfsharde
74%
Un...de crabespanier
54%
Un...de vipèresnoeud
38%
Un...de moustiquenuage
33%
Un...d'hibouxparlement
23%
Une...de sourisnichée
10%
Une...de flamantsflamboyance
8%
Une...de lionsfierté
5%
Une...de kangourousfoule
5%
Un...d'étourneauxmurmure
3%

Distribution des résultats

Percentile par nombre de réponses

% des personnes avec chaque résultat

Votre développement - résultats

Vous n’avez pas pris ce quiz